| 000 | 00000nam##2200000za#4500 |
| 001 | 9.599575 |
| 003 | CaOODSP |
| 005 | 20240501092931 |
| 007 | cr ||||||||||| |
| 008 | 150406|1999||||xxc|||||o f|0| 0 fre|d |
| 040 | |aCaOODSP|bfre |
| 043 | |an-cn--- |
| 086 | 1 |aPS83-3/85F-PDF |
| 110 | 2 |aService correctionnel Canada. |
| 245 | 10|aLes répercussions psychologiques d'une période de 60 jours en isolement préventif / |h[ressource électronique]|cpar Ivan Zinger et Cherami Wichmann. |
| 260 | |bService correctionnel Canada |cMars 1999. |
| 300 | |a111p.|bréférences, tableaux |
| 490 | 1 |aRapport de recherche|v[R-85] |
| 590 | |a10-12-Supp|b2010-11-18 |
| 720 | 1 |aZinger, Ivan |
| 720 | 1 |aWichmann, Cherami |
| 775 | 08|tThe psychological effects of 60 days in administrative segregation / |w(CaOODSP)9.568282 |
| 830 | #0|aRapport de recherche (Service correctionnel Canada. Direction de la recherche)|v[R-85]|w(CaOODSP)9.502465 |
| 856 | 40|ahttp://publications.gc.ca|qPDF|s209 Ko|uhttps://publications.gc.ca/collections/collection_2010/scc-csc/PS83-3-85-fra.pdf|y[R-85] |